Yoga therapy (Record no. 396277)

MARC details
000 -LEADER
fixed length control field 00532 a2200205 4500
005 - DATE & TIME
control field 20260225100230.0
008 - FIXED-LENGTH DATA ELEMENTS--GENERAL INFORMATION
fixed length control field 260224b |||||||| |||| 00| 0 eng d
020 ## - ISBN
International Standard Book Number 9798183820331
Price Rs. 395.00
040 ## - CATALOGING SOURCE
Original cataloging agency VIVEKANANDA LIBRARY
082 ## - DDC NUMBER
Classification number 796.076137046
Book Number S61Y
100 ## - MAIN ENTRY--PERSONAL NAME
Personal name Suman, Krishan Kumar, ed.
245 ## - TITLE STATEMENT
Title Yoga therapy
260 ## - PUBLICATION, DISTRIBUTION, ETC. (IMPRINT)
Name of publisher, distributor, etc Lotus Press
Date of publication, distribution, etc 2024
Place of publication, distribution, etc New Delhi
300 ## - PHYSICAL DESCRIPTION
Pages 243
650 ## - Subject
Subject Yoga- Therapeutic Use
650 ## - Subject
Subject Exercise Therapy
650 ## - Subject
Subject Alternative Medicine
700 ## - Added Entry Personal Name
Added Entry Personal Name Ahluwalia, V K
942 ## - ADDED ENTRY ELEMENTS (KOHA)
Koha item type Books
Holdings
Withdrawn status Lost status Source of classification or shelving scheme Damaged status Not for loan Location (home branch) Sublocation or collection (holding branch) Shelving location Date acquired Koha issues (times borrowed) Koha full call number Accession No. Koha date last seen Koha item type
    Dewey Decimal Classification     VIVEKANANDA LIBRARY VIVEKANANDA LIBRARY Vivekananda Library 21/01/2026   796.076137046 S61Y 444594 21/01/2026 Books
    Dewey Decimal Classification     VIVEKANANDA LIBRARY VIVEKANANDA LIBRARY Vivekananda Library 21/01/2026 1 796.076137046 S61Y 444595 07/04/2026 Books
© Designed and Maintained by Vivekananda Library, MDU Rohtak